| 000 | 01887ngm a22003130a 4500 | ||
|---|---|---|---|
| 001 | PT37411 | ||
| 003 | AR-LpoUNG | ||
| 005 | 20210202000510.0 | ||
| 007 | vd cvaizq | ||
| 008 | 191001ss.f.||||ag |||||||||||||||||spa d | ||
| 040 |
_aAR-LpoUNG _bspa _cAR-LpoUNG _eaacr |
||
| 041 | _aspa | ||
| 044 | _aag | ||
| 082 | 0 | _a302.54 245mue | |
| 100 | 1 |
_aBardem, Juan Antonio _edir. |
|
| 245 | 1 | 0 | _aMuerte de un ciclista |
| 260 |
_aBuenos Aires : _bEpoca Video, _cs.f.. |
||
| 300 | _aVHS (175 min.) : son., byn | ||
| 505 | 0 | _aLa muerte de un ciclista: hecha en 1955. - Guión: Juan Antonio Bardem. - Música: Isidro B. Maiztegui. - Fotografía: Alfredo Fraile (B&W). - El verdugo: hecha en 1963. - Guión: Rafael Azcona, Luis García Berlanga, Ennio Flaiano - Música: Miguel Asins Arbó. - Fotografía: Tonino Delli Colli (B&W) | |
| 520 | _aLa muerte de un cliclista: Un profesor de universidad y su amante, una mujer casada de la burguesía, atropellan accidentalemente a un ciclista. Temerorosos de que se descubra el adulterio, deciden ocultar el trágico accidente. - El verdugo: José Luis, empleado de una funeraria, proyecta emigrar a Alemania para convertirse en un buen mecánico. Su novia Carmen es hija de Amadeo, verdugo de profesión. Cuando éste los sorprende a ambos en la intimidad, los obliga a casarse. Ante la acuciante falta de medios económicos de los recién casados, Amadeo, que está a punto de jubilarse, logra convencer a José Luis para que solicite la plaza que él va a dejar vacante, lo que le daría derecho a una vivienda. Presionado por la familia, José Luis acepta la propuesta de su suegro, convencido de que jamás ejercerá tan ignominioso oficio. | ||
| 650 | 4 | _aDRAMA | |
| 651 | 4 | _azz | |
| 653 | _aCINE ESPAÑOL | ||
| 653 | _aPOLICIAL | ||
| 653 | _aVIDEOS | ||
| 700 | 1 |
_aGarcía Berlanga, Luis _edir. |
|
| 905 | _a37411 | ||
| 942 | _cVIDEO | ||
| 999 |
_c54968 _d54968 |
||